|
|
|
|
| LEADER |
00000cam a22000004a 4500 |
| 001 |
musev2_914 |
| 003 |
MdBmJHUP |
| 005 |
20230905040138.0 |
| 006 |
m o d |
| 007 |
cr||||||||nn|n |
| 008 |
100430s2011 pau o 00 0 eng d |
| 010 |
|
|
|z 2010016971
|
| 020 |
|
|
|a 9780812203653
|
| 020 |
|
|
|z 9780812242959
|
| 035 |
|
|
|a (OCoLC)761340909
|
| 040 |
|
|
|a MdBmJHUP
|c MdBmJHUP
|
| 043 |
|
|
|a n-us---
|
| 050 |
0 |
4 |
|a HN59
|b .H235 2011
|
| 082 |
0 |
|
|a 303.48/4097309045
|2 22
|
| 100 |
1 |
|
|a Hall, Simon,
|d 1976-
|
| 245 |
1 |
0 |
|a American Patriotism, American Protest :
|b Social Movements Since the Sixties /
|c Simon Hall.
|
| 264 |
|
1 |
|a Philadelphia :
|b University of Pennsylvania Press,
|c 2011.
|
| 264 |
|
3 |
|a Baltimore, Md. :
|b Project MUSE,
|c 2012
|
| 264 |
|
4 |
|c ©2011.
|
| 300 |
|
|
|a 1 online resource (224 pages).
|
| 336 |
|
|
|a text
|b txt
|2 rdacontent
|
| 337 |
|
|
|a computer
|b c
|2 rdamedia
|
| 338 |
|
|
|a online resource
|b cr
|2 rdacarrier
|
| 504 |
|
|
|a Includes bibliographical references (p. [189]-202) and index.
|
| 505 |
0 |
|
|a Patriotism, protest, and the 1960s -- The struggle for gay rights -- Women's rights--the second wave -- The battles over busing -- The tax revolt -- The anti-abortion movement.
|
| 588 |
|
|
|a Description based on print version record.
|
| 650 |
|
0 |
|a Protest movements
|z United States
|x History
|y 20th century.
|
| 650 |
|
0 |
|a Patriotism
|z United States
|x History
|y 20th century.
|
| 650 |
|
0 |
|a Social movements
|z United States
|x History
|y 20th century.
|
| 651 |
|
0 |
|a United States
|x Social conditions
|y 1980-
|
| 651 |
|
0 |
|a United States
|x Social conditions
|y 1960-1980.
|
| 655 |
|
7 |
|a Electronic books.
|2 local
|
| 710 |
2 |
|
|a Project Muse.
|e distributor
|
| 830 |
|
0 |
|a Book collections on Project MUSE.
|
| 856 |
4 |
0 |
|z Texto completo
|u https://projectmuse.uam.elogim.com/book/914/
|
| 945 |
|
|
|a Project MUSE - Custom Collection
|
| 945 |
|
|
|a Project MUSE - 2011 American Studies
|
| 945 |
|
|
|a Project MUSE - 2011 Complete
|
| 945 |
|
|
|a Project MUSE - 2011 Global Cultural Studies
|